Countries with the Highest GDP in 1980 - Statistics

General Stats
  • This quiz has been taken 87 times
  • The average score is 17 of 20
Answer Stats
GDP (PPP) Country % Correct
2,862,475 United States
100%
305,945 China
94%
578,363 France
94%
866,300 Germany
94%
1,020,082 Japan
94%
381,974 India
90%
594,543 Italy
90%
498,558 United Kingdom
90%
296,856 Spain
88%
570,249 Brazil
87%
154,525 Australia
86%
287,254 Canada
86%
385,541 Mexico
86%
164,760 Netherlands
86%
176,595 Argentina
75%
184,423 Indonesia
74%
155,384 Turkey
74%
212,284 Iran
70%
381,974 Saudi Arabia
69%
169,037 Poland
68%
No matching quizzes found
Score Distribution
Percent of People with Each Score
Percentile by Number Answered
Your Score History
You have not taken this quiz